| 000 | 01027cab a2200421 4500 | ||
|---|---|---|---|
| 001 | ABS59015 | ||
| 008 | 090401t1998 xxu||||| |||| 00| 0 eng d | ||
| 035 | _a(Sirsi) u87809 | ||
| 041 | _aeng | ||
| 245 | _aFocus `98: Dorset and South Wiltshire | ||
| 260 | _c1998 | ||
| 350 | _a0 | ||
| 490 |
_aEstates Gazette _v(9830) 25 July 1998, 71-93(14) |
||
| 650 | _aBOSCOMBE | ||
| 650 | _aBOURNEMOUTH | ||
| 650 | _aDESIGN AND BUILD | ||
| 650 | _aDESIGN | ||
| 650 | _aDEVELOPMENT | ||
| 650 | _aDORCHESTER | ||
| 650 | _aDORSET | ||
| 650 | _aGREEN BELT | ||
| 650 | _aHOUSING SECTOR | ||
| 650 | _aINDUSTRIAL SECTOR | ||
| 650 | _aINVESTMENT | ||
| 650 | _aLEISURE SECTOR | ||
| 650 | _aMOD | ||
| 650 | _aOFFICE SECTOR | ||
| 650 | _aPOOLE | ||
| 650 | _aPORTLAND | ||
| 650 | _aPOUNDBURY | ||
| 650 | _aRETAIL SECTOR | ||
| 650 | _aSALISBURY | ||
| 650 | _aSOUTH WILTSHIRE | ||
| 650 | _aWEYMOUTH | ||
| 690 | _aPROPERTY-COMMERCIAL PROPERTY-COMMERCIAL PROPERTY MARKET | ||
| 942 | _n0 | ||
| 948 | _c05/08/1998 | ||
| 999 |
_c55409 _d55409 |
||